Normal view
MARC view
- SEMICONDUCTOR LASERS. FAR INFRARED LASERS
Entry Topical Term
001 - CONTROL NUMBER
- control field: 58926
003 - CONTROL NUMBER IDENTIFIER
- control field: NUST
005 - DATE AND TIME OF LATEST TRANSACTION
- control field: 20210628202232.0
008 - FIXED-LENGTH DATA ELEMENTS
- fixed length control field: 210628|| aca||aabn | a|a d
040 ## - CATALOGING SOURCE
- Original cataloging agency: NUST
- Transcribing agency: NUST
150 ## - HEADING--TOPICAL TERM
- Topical term or geographic name entry element: SEMICONDUCTOR LASERS. FAR INFRARED LASERS
670 ## - SOURCE DATA FOUND
- Source citation: Work cat.: (NUST): Choi , Hong. K 58925, Long-wavelength infrared semiconductor lasers, 2004
